000 00391nam a22001697a 4500
003 OSt
005 20211123100820.0
008 211123b |||||||| |||| 00| 0 eng d
020 _a060420102
040 _cHU
082 _a338
100 _aANCHISHKIN A. ED
_919976
245 _aNATIONAL ECONOMIC PLANNING
260 _aNEW YORK
_bLONDON
_c1980
300 _a261
942 _2ddc
_cBOOKS
_n0
999 _c19641
_d19641